Vista normal
Vista MARC
Entrada Nombre Geográfico
Número de registros utilizados en: 1
001 - CONTROL NUMBER
- control field: 27282
003 - CONTROL NUMBER IDENTIFIER
- control field: AR-RoUNA
005 - DATE AND TIME OF LATEST TRANSACTION
- control field: 20250703084657.0
008 - FIXED-LENGTH DATA ELEMENTS
- fixed length control field: 250703|| aca||aabn | a|a d
040 ## - CATALOGING SOURCE
- Original cataloging agency: AR-RoUNA
- Transcribing agency: AR-RoUNA
151 ## - HEADING--GEOGRAPHIC NAME
- Geographic name: Regiones áridas
670 ## - SOURCE DATA FOUND
- Source citation: Work cat.: (AR-RoUNA)12041: UNESCO (Organización de las Naciones Unidas para la Educación, la Ciencia y la Cultura) 27014, Tendencias en la investigación y en la aplicación de la ciencia y la tecnología para el desarrollo de las zonas áridas, 1979.